| 000 | 01695nam2a2200253 4500 | ||
|---|---|---|---|
| 001 | rc\2884301 | ||
| 005 | 20260315052505.0 | ||
| 035 | _a(NLR Aleph) 007036984 | ||
| 090 |
_a13585991 _c13585991 |
||
| 100 | _a20110722d1932 u y0rusy50 ca | ||
| 101 | 0 | _arus | |
| 102 | _aRU | ||
| 105 | _ay z ||||| | ||
| 200 | 0 |
_aПисьмо № 3 _eМетодическое дополнение к "Практическому руководству по приему и хранению зерна С.Э. Грубе" _fСоставил А.Н. Рукосуев |
|
| 210 | _d[1932] | ||
| 215 | _a4 с. | ||
| 461 | 0 |
_1001rc\2884300 _12001#$aТовароведение$eКурсы по подготовке райинспекторов для системы "Заготзерно"$vПисьмо № 3 _96059538 _aМосковский институт народного хозяйства им. Г.В. Плеханова. Сектор заочного обучения _c[Москва] _d[1932]-[1933] _nЗаоч. сектор ИНХ им. Плеханова _oКурсы по подготовке райинспекторов для системы "Заготзерно" _tТовароведение _vПисьмо № 3 |
|
| 464 | 0 |
_12001#$aПрактическое руководство по приему и хранению зерна _1700#1$aГрубе$bС.Э.$gСергей Эдуардович$4070 _tПрактическое руководство по приему и хранению зерна _aГрубе, Сергей Эдуардович |
|
| 702 | 1 |
_aРукосуев _bА.Н. _4220 |
|
| 801 | 0 |
_aRU _bNLR _gpsbo |
|
| 801 | 1 |
_aRU _bELAR _2rusmarc |
|
| 852 |
_aNLR _j33-18/165(3) |
||
| 942 | _cUNSPEC | ||
| 980 | _aNB | ||